Religion Quiz

Random Religion or Judaism Quiz
Score 0/45 Timer 06:00
0 Plays Today
% Correct
Christmas
83.6%
Easter Sunday
81.5%
Hanukkah
80.5%
Ash Wednesday
80%
Good Friday
79.9%
Adam Sandler
79.9%
Anglican
79.1%
Baptist
77.9%
Anne Frank
77.9%
Muhammad Ali
77.5%
Roman Catholic
76.7%
Methodist
76.5%
Mother Teresa
76.5%
Yom Kippur
75.7%
Martin Luther
75.4%
Billy Graham
75.4%
Joan of Arc
74.8%
Presbyterian
74.5%
Eid al-Adha
73.7%
Hasidic
72.9%
Eid al-Fitr
72.1%
Malala Yousafzai
70.9%
Malcolm X
70.5%
% Correct
Epiphany
69%
Rosh Hashanah
68.8%
John Wycliffe
67.5%
Mayim Bialik
64.9%
Yosef Yitzchak Schneersohn
64.3%
Ruhollah Khomeini
63.4%
Sufi
62.8%
Theodor Herzl
62.1%
Conservative (Masorti)
58%
Purim
57.6%
Haredi
53.8%
Isma'ili
52.2%
Sukkot
50.2%
Ibadi
44.8%
Mawlid an-Nabi
44.2%
Ahmadiyya
37.9%
Arba'een
37.4%
Karaite
36.1%
Haymanot
32.3%
Ashura
31.6%
Saladin
29.6%
Alevi
27.8%
Remove Ads.
Support Sporcle.
Get the best of Sporcle when you Go Orange. This ad-free experience offers more features, more stats, and more fun while also helping to support Sporcle. Thank you for becoming a member.

You're not logged in!

Compare scores with friends on all Sporcle quizzes.
OR
Log In

Sporcle TV

Today on Sporcle TV


Watch our educational content, quiz creation guides, and fun videos on Sporcle TV.

Show Comments

Extras

Top Quizzes Today


Score Distribution

Paid Content

Your Account Isn't Verified!

In order to create a playlist on Sporcle, you need to verify the email address you used during registration. Go to your Sporcle Settings to finish the process.

Report this User

Report this user for behavior that violates our Community Guidelines.

Details: